000 00524nam a2200205Ia 4500
005 20260429112114.0
008 260429s9999||||xx |||||||||||||| ||und||
020 _a9781319369859
041 _aEnglish
082 _a540
_bREV
100 _aRevell, Kevin
245 0 _aGeneral chemistry reactions first /
_cKevin Revell
250 _a1st ed.
260 _aAustin :
_bMacmillan Learning,
_c2025.
300 _axxix, 1050 p.; pbk
650 _a Acids
650 _a Biomolecules
650 _aChemistry
942 _cTB
999 _c52378
_d52378